| 000 -LEADER |
| fixed length control field |
01375nam a2200373 4500 |
| 008 - FIXED-LENGTH DATA ELEMENTS--GENERAL INFORMATION |
| fixed length control field |
250527b xxu||||| |||| 00| 0 eng d |
| 040 ## - CATALOGING SOURCE |
| Original cataloging agency |
Cagayan State University |
| Description conventions |
RDA |
| 050 ## - LIBRARY OF CONGRESS CALL NUMBER |
| Classification number |
791.4372 |
| Item number |
M841 2021 |
| 082 ## - DEWEY DECIMAL CLASSIFICATION NUMBER |
| Classification number |
791.4372 |
| Item number |
M841 2021 |
| 245 ## - TITLE STATEMENT |
| Title |
Mortal kombat / directed by Simon McQuoid ; produced by James Wan [and three others] ; story by Oren Uziel, Greg Russo. |
| 260 ## - PUBLICATION, DISTRIBUTION, ETC. (IMPRINT) |
| Place of publication, distribution, etc |
United States ; |
| Name of publisher, distributor, etc |
Warner Bros. Pictures, |
| Date of publication, distribution, etc |
2021. |
| 300 ## - PHYSICAL DESCRIPTION |
| Extent |
1 videofile, 110 mins. |
| Other physical details |
sound, color. |
| 500 ## - GENERAL NOTE |
| General note |
Based on Mortal Kombat by Ed Boon and John Tobias. |
| 520 ## - SUMMARY, ETC. |
| Summary, etc |
MMA fighter Cole Young seeks out Earth's greatest champions in order to stand against the enemies of Outworld in a high stakes battle for the universe. |
| 546 ## - LANGUAGE NOTE |
| Language note |
In English subtitle. |
| 650 ## - SUBJECT ADDED ENTRY--TOPICAL TERM |
| Topical term or geographic name as entry element |
Dark Fantacy. |
| 650 ## - SUBJECT ADDED ENTRY--TOPICAL TERM |
| Topical term or geographic name as entry element |
Martial Arts. |
| 650 ## - SUBJECT ADDED ENTRY--TOPICAL TERM |
| Topical term or geographic name as entry element |
Action. |
| 650 ## - SUBJECT ADDED ENTRY--TOPICAL TERM |
| Topical term or geographic name as entry element |
Fantasy. |
| 650 ## - SUBJECT ADDED ENTRY--TOPICAL TERM |
| Topical term or geographic name as entry element |
Thriller. |
| 700 ## - ADDED ENTRY--PERSONAL NAME |
| Personal name |
Tan, Lewis. star. |
| 700 ## - ADDED ENTRY--PERSONAL NAME |
| Personal name |
McNamee, Jessica. star. |
| 700 ## - ADDED ENTRY--PERSONAL NAME |
| Personal name |
Lawson, Josh. star. |
| 700 ## - ADDED ENTRY--PERSONAL NAME |
| Personal name |
Asano, Tadanobu. star. |
| 700 ## - ADDED ENTRY--PERSONAL NAME |
| Personal name |
Brooks, Mehcad. star. |
| 700 ## - ADDED ENTRY--PERSONAL NAME |
| Personal name |
Lin, Ludi. star. |
| 700 ## - ADDED ENTRY--PERSONAL NAME |
| Personal name |
Han, Chin. star. |
| 700 ## - ADDED ENTRY--PERSONAL NAME |
| Personal name |
Taslim, Joe. star. |
| 700 ## - ADDED ENTRY--PERSONAL NAME |
| Personal name |
Sanada, Hiroyuki. star. |
| 700 ## - ADDED ENTRY--PERSONAL NAME |
| Personal name |
McMicking, Germain. cinematographer. |
| 700 ## - ADDED ENTRY--PERSONAL NAME |
| Personal name |
Lebental, Dan. editor. |
| 700 ## - ADDED ENTRY--PERSONAL NAME |
| Personal name |
Gray, Scott. editor. |
| 942 ## - ADDED ENTRY ELEMENTS (KOHA) |
| Source of classification or shelving scheme |
|
| Item type |
Audio-Visual Materials |